000 00240nam a2200097 a 4500
005 20200930062943.0
008 110627s2004 000 spa d
245 3 _aLa muerte de Cristo segĂșn San Mateo.
260 _c[s.f.].
999 _c30962
_d30962
040 _aDO-SdBNP